000 00961nas a2200301 4500
001 BR0503547
003 BR-BrBNA
005 20231205105508.0
007 ta
008 230509b bl.|||p| |||| 00| 00por d
040 _aBR-BrBNA
_bpor
_cBiblioteca Nacional de Agricultura
041 _a(Pt)
072 _aF01; H20; U10
100 1 _aDel Ponte, E.M.
100 1 _aFernandes, J.M.C.
100 1 _aPavan, W.
100 1 _aPierobom, C.R.
245 1 _aSimulação da dinâmica do florescimento do trigo como base para um modelo de risco de giberela
650 _aTRIGO
650 _aFUSARIOSE
650 _aFLORAÇÃO
650 _aDOENÇA DE PLANTA
650 _aSIMULAÇÃO
773 0 _tRevista Brasileira de Agrociência (Brazil)
_xISSN 0104-8996
_g(Jul-Sep 2004), v. 10(3) p. 323-331
_wBR0503547
856 4 0 _uhttp://www.ufpel.tche.br/faem/agrociencia/v10n3/artigo11.pdf
909 _a202311
_bLúcia
_c55
_dLúcia Elande
942 _2AGRIS
_n0
_cANA
999 _c183261
_d183261